[Event "RUS-ch Eurasia Cup op"]
[Site "Ekaterinburg"]
[Date "2018.08.07"]
[Round "6"]
[White "Dilmukhametov, Artur"]
[Black "Shadrin, Anton"]
[Result "1-0"]
[WhiteElo "2354"]
[BlackElo "2092"]
[PlyCount "73"]
[EventDate "2018.08.01"]
[EventType "swiss"]
[EventRounds "9"]
[EventCountry "RUS"]
[SourceTitle "CBM 185 Extra"]
[Source "ChessBase"]
[SourceDate "2018.07.29"]
[SourceVersion "1"]
[SourceVersionDate "2018.07.29"]
[SourceQuality "1"]

1. d4 d5 2. Nc3 Nf6 3. Bf4 a6 4. e3 e6 5. g4 Bb4 6. Bg2 c5 7. Nge2 Nc6 8. a3 cxd4 9. exd4 Bxc3+ 10. Nxc3 Qb6 11. g5 Nd7 12. Ne2 Qxb2 13. 0-0 Na5 14. Qd3 Qb5 15. Qxb5 axb5 16. Nc3 Nc4 17. Nxb5 0-0 18. Rfb1 Ndb6 19. Rb3 Bd7 20. Rab1 Na4 21. Nd6 Na5 22. Re3 Bc6 23. Rb4 Rfd8 24. Bf1 Rd7 25. Nb5 Nc4 26. Reb3 Ra5 27. Nc3 Nxc3 28. Rxc3 h6 29. gxh6 Nxa3 30. hxg7 Kxg7 31. Be5+ f6 32. Rg3+ Kf7 33. Rf3 f5 34. Rh3 Nxc2 35. Rbb3 Ra1 36. Rbg3 Re7 37. Rh8 1-0

[Event "RUS-ch Eurasia Cup op"]
[Site "Ekaterinburg"]
[Date "2018.08.02"]
[Round "2"]
[White "Raspopin, Alecsandr"]
[Black "Shadrin, Anton"]
[Result "0-1"]
[WhiteElo "1864"]
[BlackElo "2092"]
[PlyCount "96"]
[EventDate "2018.08.01"]
[EventType "swiss"]
[EventRounds "9"]
[EventCountry "RUS"]
[SourceTitle "CBM 185 Extra"]
[Source "ChessBase"]
[SourceDate "2018.07.29"]
[SourceVersion "1"]
[SourceVersionDate "2018.07.29"]
[SourceQuality "1"]

1. e4 e5 2. Nf3 Nc6 3. Bb5 a6 4. Ba4 d6 5. c3 f5 6. d3 Be7 7. 0-0 Nf6 8. Re1 0-0 9. Bb3+ Kh8 10. Ng5 d5 11. exd5 Nxd5 12. Qh5 Bxg5 13. Bxg5 Qd6 14. Nd2 b5 15. Nf3 Bd7 16. Nh4 Nde7 17. d4 e4 18. a4 b4 19. Rad1 Be8 20. Qe2 Na5 21. Bc2 b3 22. Bxe4 fxe4 23. Qxe4 Nd5 24. Nf5 Qg6 25. Qxd5 Bc6 26. Qxa5 Qxg5 27. d5 Rxf5 28. c4 Raf8 29. Qxc7 Rxf2 30. Qg3 Qxg3 31. hxg3 Bxa4 32. Ra1 Bd7 33. c5 Bb5 34. c6 Rxb2 35. Rab1 Rd2 36. Rxb3 Rxd5 37. Rc3 Rc8 38. Re7 Kg8 39. c7 Rd1+ 40. Kh2 Kf8 41. Re5 Rd7 42. Rec5 Ke7 43. Re3+ Kd6 44. Rc1 Rcxc7 45. Rce1 Kc6 46. g4 Kb7 47. Re8 Rd4 48. Kg3 Bxe8 0-1

[Event "RUS-ch Eurasia Cup op"]
[Site "Ekaterinburg"]
[Date "2018.08.01"]
[Round "1"]
[White "Shadrin, Anton"]
[Black "Bocharov, Ivan"]
[Result "0-1"]
[WhiteElo "2092"]
[BlackElo "2552"]
[PlyCount "54"]
[EventDate "2018.08.01"]
[EventType "swiss"]
[EventRounds "9"]
[EventCountry "RUS"]
[SourceTitle "CBM 185 Extra"]
[Source "ChessBase"]
[SourceDate "2018.07.29"]
[SourceVersion "1"]
[SourceVersionDate "2018.07.29"]
[SourceQuality "1"]

1. e4 e5 2. Nf3 Nc6 3. Nc3 Nf6 4. d4 exd4 5. Nxd4 Bb4 6. Nxc6 bxc6 7. Bd3 d5 8. exd5 cxd5 9. 0-0 0-0 10. Bg5 c6 11. Qf3 Rb8 12. Na4 Be6 13. a3 Be7 14. Bf4 Ra8 15. b4 a5 16. Nc5 Bc8 17. c3 Re8 18. Nb3 Bg4 19. Qg3 Qc8 20. h3 Nh5 21. Qh2 Bf5 22. Be2 Nxf4 23. Qxf4 Bf6 24. Bf3 axb4 25. Qxb4 Rb8 26. Qa4 Bc2 27. Bd1 Re4 0-1

[Event "St Petersburg Summer op"]
[Site "St Petersburg"]
[Date "2016.08.19"]
[Round "3"]
[White "Shadrin, Anton"]
[Black "Melnikov, Dmitry"]
[Result "0-1"]
[WhiteElo "2066"]
[BlackElo "2262"]
[PlyCount "82"]
[EventDate "2016.08.17"]
[EventType "swiss"]
[EventRounds "9"]
[EventCountry "RUS"]
[SourceTitle "CBM 174 Extra"]
[Source "ChessBase"]
[SourceDate "2016.10.10"]
[SourceVersion "1"]
[SourceVersionDate "2016.10.10"]
[SourceQuality "1"]

1. e4 e5 2. Nf3 Nc6 3. Nc3 Nf6 4. d4 exd4 5. Nxd4 Bb4 6. Nxc6 bxc6 7. Bd3 d5 8. exd5 cxd5 9. 0-0 0-0 10. Bg5 c6 11. h3 h6 12. Bf4 Re8 13. Qf3 Bd6 14. Rfe1 Be6 15. Ne2 c5 16. Ng3 Bxf4 17. Qxf4 Qb8 18. Qa4 Qxb2 19. Rab1 Bd7 20. Rxe8+ Rxe8 21. Rxb2 Bxa4 22. Rb7 c4 23. Bf5 a6 24. Rb6 Bb5 25. a4 Bxa4 26. Rxa6 Re1+ 27. Kh2 Be8 28. Bc8 Kf8 29. Bb7 Bd7 30. Ra5 Ke7 31. Ra3 Kd6 32. Ra5 h5 33. Nh1 h4 34. g3 Rb1 35. Ba8 Rb2 36. g4 Be6 37. f4 Rxc2+ 38. Kg1 Rd2 39. Nf2 c3 40. Kf1 c2 41. Ra1 Ne4 0-1

[Event "RUS-chT U20"]
[Site "Kolomna"]
[Date "2014.08.09"]
[Round "8"]
[White "Shadrin, Anton"]
[Black "Ginosyan, Razmik"]
[Result "1/2-1/2"]
[WhiteElo "2041"]
[BlackElo "1998"]
[PlyCount "81"]
[EventDate "2014.08.02"]
[EventType "swiss"]
[EventRounds "9"]
[EventCountry "RUS"]
[SourceTitle "EXT 2016"]
[Source "ChessBase"]
[SourceDate "2015.10.08"]
[SourceVersion "1"]
[SourceVersionDate "2015.10.08"]
[SourceQuality "1"]

1. e4 c5 2. c3 d5 3. exd5 Qxd5 4. d4 Nc6 5. Nf3 Bf5 6. Be3 Nf6 7. Be2 cxd4 8. cxd4 Bxb1 9. Rxb1 e6 10. 0-0 Be7 11. Ne5 0-0 12. Bf3 Qxa2 13. Ra1 Qxb2 14. Rb1 Qa3 15. Rxb7 Nxe5 16. dxe5 Nd5 17. Bxd5 Rfd8 18. Qc1 exd5 19. Qc7 Re8 20. Rc1 h6 21. g3 Qa4 22. Bxa7 d4 23. Qd7 Qa3 24. Rd1 Rad8 25. Qg4 d3 26. Be3 Bf8 27. Qc4 Re6 28. Bd4 d2 29. Rxd2 Qf3 30. Rb3 Qe4 31. Re3 Qb1+ 32. Kg2 Qb7+ 33. f3 Rc6 34. Qb3 Qa6 35. Red3 Rc1 36. Bf2 Rdc8 37. Rd1 R1c2 38. Rd7 Qe2 39. Qxf7+ Kh8 40. Rf1 Qxe5 41. Qd5 1/2-1/2

[Event "Voronezh op-B 18th"]
[Site "Voronezh"]
[Date "2014.06.18"]
[Round "7"]
[White "Protopopova, Anastasiya"]
[Black "Shadrin, Anton"]
[Result "0-1"]
[WhiteElo "1929"]
[BlackElo "2019"]
[PlyCount "46"]
[EventDate "2014.06.12"]
[EventType "swiss"]
[EventRounds "9"]
[EventCountry "RUS"]
[SourceTitle "EXT 2015"]
[Source "ChessBase"]
[SourceDate "2014.11.20"]
[SourceVersion "1"]
[SourceVersionDate "2014.11.20"]
[SourceQuality "1"]

1. Nf3 d5 2. d4 Nf6 3. c4 e6 4. g3 dxc4 5. Qa4+ Nc6 6. Bg2 Nd7 7. Qxc4 Nb6 8. Qd3 e5 9. 0-0 exd4 10. Rd1 Be7 11. Qe4 0-0 12. Nxd4 Bf6 13. e3 Nxd4 14. exd4 Re8 15. Qd3 Qxd4 16. Qc2 Bf5 17. Qd2 Rad8 18. Qxd4 Rxd4 19. Nd2 Nc4 20. Bf3 Bc2 21. Nxc4 Bxd1 22. Be3 Bxf3 23. Bxd4 Bxd4 0-1

[Event "Voronezh op-B 18th"]
[Site "Voronezh"]
[Date "2014.06.17"]
[Round "6"]
[White "Shadrin, Anton"]
[Black "Kiselev, Maxim"]
[Result "1-0"]
[WhiteElo "2019"]
[BlackElo "2154"]
[PlyCount "86"]
[EventDate "2014.06.12"]
[EventType "swiss"]
[EventRounds "9"]
[EventCountry "RUS"]
[SourceTitle "EXT 2015"]
[Source "ChessBase"]
[SourceDate "2014.11.20"]
[SourceVersion "1"]
[SourceVersionDate "2014.11.20"]
[SourceQuality "1"]

1. e4 d6 2. d4 Nf6 3. Bd3 e5 4. c3 g6 5. f4 Bg7 6. Nf3 exd4 7. cxd4 0-0 8. 0-0 c5 9. d5 Bg4 10. Nbd2 Re8 11. a4 Na6 12. h3 Nb4 13. Bb1 Bc8 14. Re1 b6 15. Nf1 Ba6 16. Ng3 Rc8 17. Ra3 Nd7 18. Rae3 Bh6 19. Ra3 Bg7 20. Rae3 c4 21. e5 dxe5 22. fxe5 Nc5 23. d6 Nbd3 24. Bxd3 Nxd3 25. Rxd3 cxd3 26. Bg5 Qd7 27. Ne4 Re6 28. Qd2 Bb7 29. Qf4 Bxe4 30. Rxe4 Rce8 31. Bh6 Bh8 32. Qg4 Qb7 33. Rd4 Bxe5 34. d7 Rd8 35. Nxe5 Rxe5 36. Qh4 Qc7 37. Qf6 Re1+ 38. Kf2 Qc2+ 39. Kg3 Qc7+ 40. Bf4 Re3+ 41. Kh2 Re6 42. Bxc7 Rxf6 43. Bxd8 Rf5 1-0

[Event "Voronezh op-B 18th"]
[Site "Voronezh"]
[Date "2014.06.12"]
[Round "1"]
[White "Astakhov, Alexander"]
[Black "Shadrin, Anton"]
[Result "0-1"]
[WhiteElo "1751"]
[BlackElo "2019"]
[PlyCount "110"]
[EventDate "2014.06.12"]
[EventType "swiss"]
[EventRounds "9"]
[EventCountry "RUS"]
[SourceTitle "EXT 2015"]
[Source "ChessBase"]
[SourceDate "2014.11.20"]
[SourceVersion "1"]
[SourceVersionDate "2014.11.20"]
[SourceQuality "1"]

1. c4 e6 2. Nc3 d5 3. d4 Nf6 4. Bg5 Be7 5. e3 0-0 6. Nf3 c6 7. cxd5 exd5 8. Qc2 Nbd7 9. Bd3 Re8 10. 0-0 Nf8 11. Ne2 Ne4 12. Bxe7 Qxe7 13. Ng3 Ng6 14. Rae1 Bg4 15. Nd2 Nxd2 16. Qxd2 c5 17. Bxg6 hxg6 18. dxc5 Qxc5 19. Rc1 Qb5 20. h3 Be6 21. Ne2 Qa6 22. a3 Rac8 23. Nd4 Bd7 24. Rxc8 Rxc8 25. Rc1 Bc6 26. Rc5 Rd8 27. Qc3 Rd6 28. b4 Qa4 29. Qb3 Qxb3 30. Nxb3 b6 31. Rc3 Bb5 32. Rc7 Rd7 33. Rxd7 Bxd7 34. Nd4 Kf8 35. Kf1 Ke7 36. Ke2 Kd6 37. Kd3 g5 38. f3 Ke5 39. g3 Bxh3 40. Nc6+ Kd6 41. Nxa7 Bd7 42. Kd4 Kc7 43. b5 Kb7 44. Nc6 Bxc6 45. bxc6+ Kxc6 46. a4 Kd6 47. g4 g6 48. f4 gxf4 49. exf4 f6 50. g5 f5 51. Kd3 Kc5 52. Kc3 d4+ 53. Kd3 Kd5 54. Kd2 Ke4 55. Ke2 Kxf4 0-1